THE 8051 MICROCONTROLLER AND EMBEDDED SYSTEM (Record no. 818231)

MARC details
000 -LEADER
fixed length control field 00476pam a2200181a 44500
008 - FIXED-LENGTH DATA ELEMENTS--GENERAL INFORMATION
fixed length control field 230405s2007 xxu||||| |||| 00| 0 eng d
041 ## - LANGUAGE CODE
Language code of text/sound track or separate title ENG
100 ## - MAIN ENTRY--PERSONAL NAME
Personal name MAZIDI MUHAMMAD ALI
245 ## - TITLE STATEMENT
Title THE 8051 MICROCONTROLLER AND EMBEDDED SYSTEM
Remainder of title 03/14/2004
250 ## - EDITION STATEMENT
Edition statement 2007
260 ## - PUBLICATION, DISTRIBUTION, ETC.
Place of publication, distribution, etc. NEW DELHI
Name of publisher, distributor, etc. PEARSON EDUCATION PUB
Date of publication, distribution, etc. 2007
300 ## - PHYSICAL DESCRIPTION
Extent P.B, 434
650 ## - SUBJECT ADDED ENTRY--TOPICAL TERM
Topical term or geographic name entry element E&TC
690 ## - LOCAL SUBJECT ADDED ENTRY--TOPICAL TERM (OCLC, RLIN)
Topical term or geographic name as entry element E&TC
700 ## - ADDED ENTRY--PERSONAL NAME
Personal name MCKINLAY ROLIN.D
700 ## - ADDED ENTRY--PERSONAL NAME
Personal name MAZIDI JANICE GILLISPIE
906 ## - LOCAL DATA ELEMENT F, LDF (RLIN)
a 4036
Holdings
Withdrawn status Lost status Damaged status Not for loan Collection Home library Current library Date acquired Source of acquisition Cost, normal purchase price Total Checkouts Full call number Barcode Date last seen Price effective from Koha item type
          College of Engineering, Kolhapur College of Engineering, Kolhapur 16/08/2023 GRANTH BOOKS KOLHAPUR 325.00   621.3926/MAZ ECK-SW-289 16/08/2023 16/08/2023 Book
          College of Engineering, Kolhapur College of Engineering, Kolhapur 16/08/2023 GRANTH BOOKS KOLHAPUR 325.00   621.3926/MAZ ECK-SW-288 16/08/2023 16/08/2023 Book
          College of Engineering, Kolhapur College of Engineering, Kolhapur 16/08/2023 GRANTH BOOKS KOLHAPUR 325.00   621.3926/MAZ ECK-SW-287 16/08/2023 16/08/2023 Book
          College of Engineering, Kolhapur College of Engineering, Kolhapur 16/08/2023 GRANTH BOOKS KOLHAPUR 325.00   621.3926/MAZ ECK-SW-286 16/08/2023 16/08/2023 Book
          College of Engineering, Kolhapur College of Engineering, Kolhapur 16/08/2023 GRANTH BOOKS KOLHAPUR 325.00   621.3926/MAZ ECK-SW-285 16/08/2023 16/08/2023 Book